01484nam a2200277 a 450000100100000000500170001000800410002704000250006808200280009311000320012124000180015324500190017126000540019030000280024459000270027265000590029965000590035865100540041791000370047195201410050895201410064995201410079095201260093195201320105799900170118900002519320250621074007.0110211s1985 dr 000 0 spa d aDO-SdBNPbspacBNPHU a342.729307bR426L, 19851 aRepública Dominicana944710a[Leyes, etc.]10aLey electoral. aSanto Domingo :bJunta Central .Electoral,c1985. axxxix, 125 p. ;c22 cm. aInventariado, 2018/ YL 4aEleccionesxLegislaciónzRepública Dominicana9412 4aSufragioxLegislaciónzRepública Dominicana927666 0aRepública DominicanaxPolítica y gobierno945 aValidado. Control de calidad MFF 001054708DSaGRbGRcHDd2011-04-05iLF1l0o342.729307 R426L, 1985p25193-30r2020-06-25te. 3w2020-06-25yLFDSZPréstamo en sala 001054708DSaGRbGRcHDd2013-04-16iLF1l0o342.729307 R426L, 1985p25193-40r2020-06-25te. 4w2020-06-25yLFDSZPréstamo en sala 001054708DSaGRbGRcHDd2013-04-16iLF1l0o342.729307 R426L, 1985p25193-50r2020-06-25te. 5w2020-06-25yLFDSZPréstamo en sala 0010718PDaPDbPDcHDd2011-02-11iLF1l0o342.729307 R426L, 1985p25193-10r2020-06-25w2020-06-25yLFPDZNo se presta 0010718PDaPDbPDcHDd2011-02-11iLF1l0o342.729307 R426L, 1985p25193-20r2020-06-25te. 2w2020-06-25yLFPDZNo se presta c24686d24686